MARC

LEADER 00000nam0a2200000 4500
001 325191
005 20231102003735.0
035 |a (RuTPU)RU\TPU\book\350802 
090 |a 325191 
100 |a 20161130d1974 k y0rusy50 ca 
101 0 |a rus 
102 |a RU 
105 |a y z 001zy 
200 1 |a Личность студента  |e [монография]  |f В. Т. Лисовский, А. В. Дмитриев  |g Ленинградский государственный университет (ЛГУ) 
210 |a Ленинград  |c Изд-во Ленинградского ун-та  |d 1974 
215 |a 184 с. 
320 |a Библиогр. в примеч. 
606 1 |a Студенты  |x Самоменеджмент  |2 stltpush  |3 (RuTPU)RU\TPU\subj\71818  |9 85556 
610 1 |a личность 
610 1 |a социологические исследования 
610 1 |a психологические исследования 
610 1 |a социализация 
610 1 |a специалисты 
610 1 |a вузы 
610 1 |a подготовка 
610 1 |a личные планы 
610 1 |a типологические особенности 
686 |a Ч481.43  |v LBC/SL-A  |2 rubbk 
700 1 |a Лисовский  |b В. Т.  |g Владимир Тимофеевич 
701 1 |a Дмитриев  |b А. В.  |g Анатолий Васильевич 
712 0 2 |a Ленинградский государственный университет (ЛГУ)  |c (1924-1991)  |2 stltpush  |3 (RuTPU)RU\TPU\col\77 
801 1 |a RU  |b 63413507  |c 20161130 
801 2 |a RU  |b 63413507  |c 20171205  |g RCR 
942 |c BK